000 00560nam a2200181Ia 4500
005 20250326141359.0
008 250326s9999 xx 000 0 und d
037 _aTextbook
040 _aFMSL
_beng
_cFMSL
041 _aeng
_2eng
084 _aX8(F55) M7
_qFMSL
100 _aPachauri R K Ed.
245 0 _aEnergy policy issues (Annual No. 3 ) proceedings of a workshops
_cPachauri R K Ed.; Sambasivan G
260 _aNew Delhi
_bNew Delhi, Wiley Eastern
_c1987
300 _axii,224
942 _cTB
_hX8(F55) M7
999 _c1290036
_d1290036